00495nam a2200181Ia 4500003000400000005001700004008004100021020001800062040000700080041000800087082001600095100003900111245007900150250000600229260004700235300001700282365001400299OSt20220615153714.0210423s2008 xx 000 0 und d a9781891389528 cAL aeng a541.28 LEUH aLEUNG (Helen O);MARSHALL (Mark D). aProblems and solutions to accompany Donald A Mcquarries quantum chemistry. a2 aCaliforniabUniversity Science Booksc2008 aviii,647bPB b3667cINR